Mastering UML with Rational Rose

Αποθηκεύτηκε σε:
Λεπτομέρειες βιβλιογραφικής εγγραφής
Κύριος συγγραφέας: Boggs, Wendy
Άλλοι συγγραφείς: Boggs, Michael
Μορφή: Βιβλίο
Γλώσσα:English
Δημοσίευση: San Francisco, Calif. : SYBEX, 1999
Θέματα:
Ετικέτες: Προσθήκη ετικέτας
Δεν υπάρχουν, Καταχωρήστε ετικέτα πρώτοι!

MARC

LEADER 00000nam a2200000 i 4500
001 1/3513
008 000521s1999 eng d
020 |a 0-7821-2453-4 
035 |l 10060823 
040 |a GR-MY-UA  |b gre  |e aacr 
041 0 |a eng 
082 0 |a 005.117 
100 1 |a Boggs, Wendy. 
245 1 0 |a Mastering UML with Rational Rose /  |c Wendy Boggs and Michael Boggs 
246 3 3 |a UML with Rational Rose 
260 |a San Francisco, Calif. :   |b SYBEX,   |c 1999 
300 |a xxxii, 957 p.;  |b ill.;  |c 23 cm.+  |e 1 computer laser optical disc 
650 0 0 |a UML (Computer science) 
650 0 0 |a Object-oriented programming (Computer science) 
700 1 |a Boggs, Michael. 
852 |a INST  |b SAMOS  |e 20000521  |h 005.117 BOG  |p 005300015483  |q 005300015483  |t BK  |y 0 
852 |a INST  |b SAMOS  |e 20000521  |h 005.117 BOG   |p 005300015482  |q 005300015482  |t BK  |y 0 
901 |a BIBL3-2000-2 
909 |a Σ  |b 067637 
909 |a Σ  |b 067638 
922 |a 3ΕΛΗ  |b 200001  |c ΤΠΕΣ/ΤΑΚΤ  |d ΠΑΠΑΣΩΤΗΡΙΟΥ 
970 |z 2000/05/ΜΠΡΑΤΤΗΣ